Album Covers by Letter - Z - Statistics

General Stats
  • This quiz has been taken 65 times
  • The average score is 3 of 16
Answer Stats
Picture Answer % Correct
Zenyattà Mondatta - The Police
55%
ZUU - Denzel Curry
34%
Z - My Morning Jacket
33%
Z - SZA
28%
Zach Bryan - Zach Bryan
22%
Zeit - Rammstein
21%
Zen Arcade - Hüsker Dü
19%
Zoot Allures - Frank Zappa
19%
Zooropa - U2
17%
ZZ Top's First Album - ZZ Top
14%
Zeitgeist - The Smashing Pumpkins
10%
Zeros - Declan McKenna
10%
Zuma - Neil Young and Crazy Horse
7%
Zopilote Machine - The Mountain Goats
5%
Zaba - Glass Animals
3%
Zebop! - Santana
3%
No matching quizzes found
Score Distribution
Percent of People with Each Score
Percentile by Number Answered
Your Score History
You have not taken this quiz